Every Hanna-Barbera's "Tom and Jerry" Theatrical Shorts - Statistics

General Stats
  • This quiz has been taken 74 times
  • The average score is 75 of 114
Answer Stats
Year Debut Shorts % Correct
1940 Puss Gets the Boot
100%
Baby Puss
92%
Mouse in Manhattan
92%
The Night Before Christmas
92%
Dog Trouble
85%
Heavenly Puss
85%
Jerry's Cousin
85%
Tee for Two
85%
The Bodyguard
85%
1945 The Mouse Comes to Dinner
85%
The Yankee Doodle Mouse
85%
1947 Cat Fishin'
77%
Dr. Jekyll and Mr. Mouse
77%
Flirty Birdy
77%
Hic-cup Pup
77%
Jerry and the Lion
77%
Johann Mouse
77%
Life with Tom
77%
Saturday Evening Puss
77%
Texas Tom
77%
That's My Pup!
77%
The Bowling Alley-Cat
77%
The Cat Concerto
77%
The Lonesome Mouse
77%
The Million Dollar Cat
77%
A Mouse In the House
69%
Blue Cat Blues
69%
1951 Casanova Cat
69%
Cue Ball Cat
69%
Fine Feathered Friend
69%
1942 Fraidy Cat
69%
Jerry and Jumbo
69%
Jerry's Diary
69%
Mouse Cleaning
69%
Mouse Trouble
69%
Nit-Witty Kitty
69%
Part Time Pal
69%
Professor Tom
69%
Puss n' Toots
69%
Puttin' On the Dog
69%
Quiet Please!
69%
Salt Water Tabby
69%
Smitten Kitten
69%
1946 Springtime for Thomas
69%
1943 Sufferin' Cats!
69%
That's My Mommy
69%
1956 The Egg and Jerry
69%
The Flying Cat
69%
The Invisible Mouse
69%
1941 The Midnight Snack
69%
The Two Mouseketeers
69%
The Vanishing Duck
69%
Tom and Jerry in the Hollywood Bowl
69%
Tom's Photo Finish
69%
Touche, Pussy Cat!
69%
Trap Happy
69%
Baby Butch
62%
Cruise Cat
62%
Designs on Jerry
62%
Downhearted Duckling
62%
Hatch Up Your Troubles
62%
His Mouse Friday
62%
1948 Kitty Foiled
62%
Little Quacker
62%
Little School Mouse
62%
Love That Pup
62%
Mice Follies
62%
Milky Waif
62%
Neapolitan Mouse
62%
Old Rockin' Chair Tom
62%
1949 Polka Dot Puss
62%
Robin Hoodwinked
62%
Royal Cat Nap
62%
1955 Southbound Duckling
62%
The Dog House
62%
The Framed Cat
62%
The Little Orphan
62%
The Truce Hurts
62%
1944 The Zoot Cat
62%
Timid Tabby
62%
Tom and Cherie
62%
Tot Watchers
62%
Two Little Indians
62%
Barbecue Brawl
54%
Busy Buddies
54%
Down Beat Bear
54%
Fit To Be Tied
54%
1958 Happy Go Ducky
54%
Jerry and the Goldfish
54%
Just Ducky
54%
Little Runaway
54%
Mouse for Sale
54%
Mucho Mouse
54%
Pecos Pest
54%
1954 Posse Cat
54%
Pup on a Picnic
54%
Puppy Tale
54%
Safety Second
54%
Slicked-up Pup
54%
Smarty Cat
54%
Solid Serenade
54%
1950 Tennis Chumps
54%
The Cat and the Mermouse
54%
The Duck Doctor
54%
The Flying Sorceress
54%
Triplet Trouble
54%
1952 Cat Napping
46%
Feedin' the Kiddie
46%
Pet Peeve
46%
Push-Button Kitty
46%
Sleepy-Time Tom
46%
1953 The Missing Mouse
46%
1957 Tops with Pops
46%
Muscle Beach Tom
38%
No matching quizzes found
Score Distribution
Percent of People with Each Score
Percentile by Number Answered
Your Score History
You have not taken this quiz